Little Me - Little Mix - All Lyrics - Statistics

General Stats
  • This quiz has been taken 49 times
  • The average score is 428 of 471
Answer Stats
Answer % Correct
a
100%
be
100%
(Be)
100%
hear
100%
her
100%
her,
100%
her)
100%
I
100%
She
100%
she
100%
tell
100%
Tell
100%
(Tell
100%
to
100%
to,
100%
to)
100%
(Woah-hey!)
100%
can
97%
Little
97%
little
97%
(Little
97%
Oh,
97%
oh-woah
97%
she's
97%
the
97%
you
97%
You
97%
(You
97%
and
94%
(And
94%
And
94%
beautiful,
94%
(Beautiful,
94%
could,
94%
go
94%
in
94%
now
94%
now)
94%
see
94%
so
94%
speak
94%
(Speak
94%
talk,
94%
Talk
94%
that
94%
time
94%
up,
94%
up
94%
up),
94%
wonderful,
94%
wonderful
94%
wonderful)
94%
anything
91%
bit
91%
can't
91%
Can't
91%
doesn't
91%
everything
91%
Everything
91%
girl
91%
know
91%
louder,
91%
me
91%
me,
91%
me)
91%
my
91%
on
91%
wanna
91%
would
91%
back
88%
don't
88%
got
88%
it
88%
lives
88%
prouder
88%
right
88%
then
88%
but
85%
gotta
85%
heard
85%
here,
85%
I'd
85%
knew
85%
lonely
85%
of
85%
out
85%
out)
85%
shadow
85%
shout
85%
(Shout
85%
shout)
85%
what
85%
advice
82%
eye
82%
(Hey)
82%
if
82%
listen
82%
own
82%
Wish
82%
word
82%
yeah,
82%
yeah-ah
82%
Always
79%
maybe
79%
quiet
79%
there
79%
Voice
79%
why
79%
Yeah,
79%
yeah,
79%
yeah
79%
all
76%
catch
76%
it's
76%
only
76%
single
76%
somehow,
76%
talking,
76%
your
76%
clock
74%
lot
74%
one
74%
page
74%
small
74%
way,
74%
act
71%
book
71%
from
71%
looks
71%
Scared
71%
take
71%
afraid
68%
big,
68%
inside
68%
too
68%
turn
68%
age
65%
fall
65%
risk
65%
write
65%
fast
62%
Hands
62%
say
59%
thing,
59%
thing
59%
brave,
56%
Run
56%
Felt
50%
trapped
50%
you'll
35%
No matching quizzes found
Score Distribution
Percent of People with Each Score
Percentile by Number Answered
Your Score History
You have not taken this quiz